| 000 | 00362nam a2200145Ia 4500 | ||
|---|---|---|---|
| 008 | 240307s9999||||xx |||||||||||||| ||und|| | ||
| 020 | _a 9789394027107 | ||
| 082 |
_a610 _bSha/T |
||
| 100 | _aTyagi,Shaily | ||
| 245 | 0 | _aTextbook of Social Pharmacy | |
| 250 | _a1st Edition | ||
| 260 |
_aSahibabad (up) _bV.M.Books Publi _c2023 |
||
| 300 | _a231p. | ||
| 942 | _cBK | ||
| 999 |
_c43547 _d43547 |
||